INTRODUCTION TO MICROPROCESSOR PROGRAMMING USING PLZ (Record no. 580000)

000 -LEADER
fixed length control field 00393nam a22001337a 4500
020 ## - INTERNATIONAL STANDARD BOOK NUMBER
International Standard Book Number 0-87626-403-8
082 ## - DEWEY DECIMAL CLASSIFICATION NUMBER
Classification number 005.713 CON'I
100 ## - MAIN ENTRY--PERSONAL NAME
Personal name GRIES, D,CONWAY, R
9 (RLIN) 74472
245 ## - TITLE STATEMENT
Title INTRODUCTION TO MICROPROCESSOR PROGRAMMING USING PLZ
260 ## - PUBLICATION, DISTRIBUTION, ETC.
Place of publication, distribution, etc. USA
Name of publisher, distributor, etc. WINTHROP
Date of publication, distribution, etc. 1979
300 ## - PHYSICAL DESCRIPTION
Extent 593P
650 ## - SUBJECT ADDED ENTRY--TOPICAL TERM
Topical term or geographic name entry element PLZ/SYS (COMPUTER PROGRAMME LAMGUAGE) MICROPROCESSORS PROGRAMMING
9 (RLIN) 74473
942 ## - ADDED ENTRY ELEMENTS (KOHA)
Koha item type Book
Holdings
Withdrawn status Lost status Damaged status Not for loan Permanent Location Current Location Shelving location Date acquired Total Checkouts Full call number Barcode Date last seen Price effective from Koha item type
        College of Electrical & Mechanical Engineering (CEME) College of Electrical & Mechanical Engineering (CEME) General Stacks 05/08/2017   005.713 CON'I CEME-15180 06/28/2021 06/28/2021 Book
© 2023 Central Library, National University of Sciences and Technology. All Rights Reserved.